|
|
|
|
| LEADER |
00000nam a2200000Ia 4500 |
| 001 |
49508 |
| 008 |
230117s9999 xx 000 0 und d |
| 020 |
|
|
|a 9789508086846
|
| 040 |
|
|
|a UAHC
|c UAHC
|
| 082 |
|
|
|a 344.385
|b D224
|
| 100 |
|
|
|a Daroqui, Alcira
|
| 245 |
|
0 |
|a Sujeto de castigos :
|b hacia una sociología de la penalidad juvenil
|c Alcira Doraqui
|
| 260 |
|
|
|a [Argentina] :
|b Homosapiens,
|c 2012.
|
| 300 |
|
|
|a 443 páginas.
|
| 650 |
|
|
|a Sociología
|
| 700 |
|
|
|a López, Ana Laura
|e coordinadora
|
| 900 |
|
|
|a 344.385 DAR
|
| 942 |
|
|
|c BK
|
| 952 |
|
|
|0 0
|1 0
|4 0
|6 344_385000000000000_DAR
|7 0
|8 COMP
|9 97692
|a BC
|b BC
|c General
|d 2023-01-17
|l 0
|o 344.385 DAR
|p 1440809
|r 2026-01-13 00:00:00
|t 1
|w 2023-01-17
|y BK
|
| 999 |
|
|
|c 60247
|d 60247
|